Statistics for Least Valuable Currencies

Click here to take the quiz!

General Stats

  • This quiz has been taken 20 times
  • The average score is 6 of 10

Answer Stats

Worst Currency RatingHintRate to USDCurrencies% Correct
1.Currency of Iran.1 USD to 41994 of these, even lower in the black market.Rial
83%
2.Currency of Vietnamese.1 USD to 23194 of these.Dong
78%
3.Currency of Indonesia.1 USD to 14237 of these.Rupiah
78%
4.Currency of Guinea.1 USD to 9198 of these.Franc
72%
8.Currency of Paraguay.1 USD of 5953 of these.Guarani
56%
5.Currency of Laos.1 USD to 8550 of these.Kip
56%
10.Currency of Uganda.1 USD to 3714 of these.Shilling
56%
6.Currency of Sierra Leone.1 USD to 8446 of these.Leone
50%
7.Currency of Uzbekistan.1 USD to 8336 of these.Som
50%
9.Currency of Cambodia.1 USD to 4016 of these.Riel
44%

Score Distribution

Percentile by Number Answered

Percent of People with Each Score

Your Score History

You have not taken this quiz